000 00730nam0a22002531 4500
001 rc\4421913
005 20250611171911.0
021 _aRU
_b[66-34896]
035 _a(NLR Aleph) 008307086
090 _a8673066
_c8673066
100 _a20130416d1966 |||y0rusy50 ca
101 1 _arus
_ctgk
_cper
102 _aRU
105 _ay z |||a|
200 1 _aОгонь и слезы
_e[Стихи
_fПер. с тадж.-перс. Т. Стрешневой]
210 _aДушанбе
_cИрфон
_d1966
215 _a104 с.
_d16
700 0 _aЗебуннисо
_f1638-1702
702 1 _aСтрешнева
_bТ.
_4730
801 0 _aRU
_bNLR
_gpsbo
801 1 _aRU
_bELAR
_2rusmarc
852 _aNLR
_j66-2/1370
942 _cBOOK
980 _aNB